00591cam a22002291 4500001001300000003000400013005001700017008004100034010001700075025001900092035002000111040001700131042001200148050001800160100002200178245004900200260004700249300001900296500001600315500001300331999001700344sa 64002810 DLC20260227112012.0850617s1963 ii 000 1 benx  asa 64002810  aPL480:I-B-1141 a(OCoLC)13890504 aDLCcNNdDLC apremarc00aPK1718.M5bS81 aMitra, Premendra.10aStabdha prahara.c[Lekhaka] Premendra Mitra. aKalikātā,bGrantha Prakāśac[1963] a181 p.c22 cm. aIn Bengali. aA novel. c57517d57517